[Event "Rhein Main op-A 14th"]
[Site "Bad Homburg"]
[Date "2011.06.25"]
[Round "5"]
[White "Tran, My Linh"]
[Black "Smit, Josip"]
[Result "1/2-1/2"]
[WhiteElo "1960"]
[BlackElo "2099"]
[PlyCount "115"]
[EventDate "2011.06.22"]
[EventType "swiss"]
[EventRounds "7"]
[EventCountry "GER"]
[SourceTitle "EXT 2012"]
[Source "ChessBase"]
[SourceDate "2011.11.24"]
[SourceVersion "1"]
[SourceVersionDate "2011.11.24"]
[SourceQuality "1"]

1. e4 d5 2. exd5 Nf6 3. d4 Nxd5 4. Nf3 g6 5. c3 Bg7 6. Bd3 0-0 7. 0-0 Bg4 8. h3 Bxf3 9. Qxf3 c6 10. Bd2 Nb6 11. Bf4 N8d7 12. Re1 Re8 13. Be5 Nxe5 14. dxe5 e6 15. Qe2 Nd7 16. f4 Qb6+ 17. Qf2 Nc5 18. Bf1 Red8 19. Na3 Bf8 20. Nc4 Qc7 21. Qc2 Rd7 22. b4 b5 23. Nd6 Na4 24. Ne4 Be7 25. Rad1 Rad8 26. Kh1 a6 27. Rxd7 Rxd7 28. Rd1 Nb6 29. Rxd7 Qxd7 30. Qd3 Qd5 31. a3 Kg7 32. Qxd5 Nxd5 33. g3 f5 34. exf6+ Bxf6 35. Nxf6 Kxf6 36. c4 Ne3 37. cxb5 cxb5 38. Bd3 e5 39. Be4 Nc4 40. Bb7 exf4 41. Kg2 fxg3 42. Kxg3 Nxa3 43. Bxa6 g5 44. h4 gxh4+ 45. Kxh4 Nc2 46. Bxb5 Nxb4 47. Kh5 Kg7 48. Be2 Nd5 49. Bd1 Nf6+ 50. Kh4 h6 51. Bc2 Kf7 52. Bb3+ Ke7 53. Bd1 Ke6 54. Bc2 Ke5 55. Bd1 Kf4 56. Bc2 h5 57. Bd1 Ng4 58. Kxh5 1/2-1/2

[Event "Rhein Main op 12th"]
[Site "Bad Homburg"]
[Date "2009.06.10"]
[Round "1"]
[White "Smit, Josip"]
[Black "Habiger, Gerhard"]
[Result "1-0"]
[WhiteElo "2094"]
[BlackElo "1821"]
[PlyCount "69"]
[EventDate "2009.06.10"]
[EventType "swiss"]
[EventRounds "7"]
[EventCountry "GER"]
[SourceTitle "CBM 131 Extra"]
[Source "ChessBase"]
[SourceDate "2009.09.03"]
[SourceVersion "2"]
[SourceVersionDate "2009.09.16"]
[SourceQuality "1"]

1. e4 e6 2. d4 d5 3. e5 c5 4. c3 Nc6 5. Nf3 Bd7 6. a3 c4 7. Nbd2 f6 8. Rb1 fxe5 9. Nxe5 Nxe5 10. dxe5 Qc7 11. Nf3 Ne7 12. Bf4 Nc6 13. h4 Bc5 14. g3 Qb6 15. Qc2 Ne7 16. Bh3 Ng6 17. Ng5 Nxf4 18. gxf4 Rf8 19. Nxh7 Rxf4 20. Qg6+ Rf7 21. Ng5 Bxf2+ 22. Ke2 Qe3+ 23. Kd1 0-0-0 24. Bxe6 d4 25. cxd4 Qxd4+ 26. Kc2 Bxe6 27. Qxe6+ Rfd7 28. Rbd1 Qe3 29. Nf7 Qe4+ 30. Kc3 Bd4+ 31. Kb4 a5+ 32. Kxa5 b6+ 33. Kb5 Kc7 34. Qxc4+ Bc5 35. Qxe4 1-0

[Event "Main Vogelsberg op 4th"]
[Site "Heusenstamm"]
[Date "2009.05.03"]
[Round "7"]
[White "Probst, Patrick"]
[Black "Smit, Josip"]
[Result "1/2-1/2"]
[WhiteElo "1951"]
[BlackElo "2094"]
[PlyCount "109"]
[EventDate "2009.04.30"]
[EventType "swiss"]
[EventRounds "7"]
[EventCountry "GER"]
[SourceTitle "CBM 130 Extra"]
[Source "ChessBase"]
[SourceDate "2009.07.02"]
[SourceVersion "2"]
[SourceVersionDate "2009.07.15"]
[SourceQuality "1"]

1. d4 d5 2. Nf3 c5 3. e3 Nf6 4. b3 Nc6 5. h3 e6 6. Bb2 Bd6 7. Bd3 0-0 8. 0-0 Qc7 9. Nbd2 e5 10. dxc5 Bxc5 11. e4 Re8 12. exd5 Nxd5 13. Re1 Nf4 14. Be4 f6 15. Nh4 Be6 16. c3 Rad8 17. Qc2 g6 18. Ndf3 Qg7 19. Rad1 Rxd1 20. Rxd1 Bxh3 21. gxh3 Nxh3+ 22. Kf1 Nxf2 23. Rd5 Ng4 24. Bc1 Be3 25. Qg2 Bxc1 26. Qxg4 f5 27. Bxf5 gxf5 28. Qxf5 e4 29. Rd7 Re7 30. Rxe7 Qxe7 31. Qg4+ Kf8 32. Nf5 Qe6 33. Qg7+ Ke8 34. Qh8+ Kd7 35. Qxh7+ Kc8 36. N3d4 Nxd4 37. Nxd4 Qa6+ 38. c4 Qf6+ 39. Qf5+ Qxf5+ 40. Nxf5 Kc7 41. Ng3 e3 42. Ke2 Kc6 43. Nf5 Kc5 44. Kd3 Kb4 45. Nxe3 Ka3 46. Nd5 Kxa2 47. Kc3 a5 48. c5 Ba3 49. b4 axb4+ 50. Nxb4+ Kb1 51. Kb3 Bb2 52. Kc4 Be5 53. Nd3 Bc7 54. Nb4 Bh2 55. c6 1/2-1/2

[Event "Main Vogelsberg op 4th"]
[Site "Heusenstamm"]
[Date "2009.05.01"]
[Round "2"]
[White "Smit, Josip"]
[Black "Holst, Marten"]
[Result "1-0"]
[WhiteElo "2094"]
[BlackElo "1857"]
[PlyCount "77"]
[EventDate "2009.04.30"]
[EventType "swiss"]
[EventRounds "7"]
[EventCountry "GER"]
[SourceTitle "CBM 130 Extra"]
[Source "ChessBase"]
[SourceDate "2009.07.02"]
[SourceVersion "2"]
[SourceVersionDate "2009.07.15"]
[SourceQuality "1"]

1. e4 e5 2. Bc4 Nc6 3. Nf3 Bc5 4. d3 Nf6 5. 0-0 d6 6. c3 h6 7. h3 0-0 8. Nbd2 Be6 9. Bb3 Qe7 10. Re1 Rae8 11. Nf1 Bb6 12. Ba4 Bd7 13. Ng3 Qd8 14. Be3 Ne7 15. Nh4 c6 16. d4 Qc7 17. Qf3 Kh7 18. Bc2 Nfg8 19. Nhf5 g6 20. Nxe7 Nxe7 21. Rad1 exd4 22. Bxd4 Bxd4 23. Rxd4 Rd8 24. Qf6 Be6 25. Nh5 Rg8 26. e5 dxe5 27. Rxd8 Qxd8 28. Qxe5 Nd5 29. c4 Nb4 30. Nf6+ Kg7 31. Nxg8+ Kxg8 32. Bxg6 Bxc4 33. Qc3 fxg6 34. Qxb4 b5 35. b3 Bd5 36. Re7 a5 37. Qe1 Bf7 38. Qe5 Kf8 39. Rb7 1-0

[Event "Rhein Main op 11th"]
[Site "Bad Homburg"]
[Date "2008.05.23"]
[Round "4"]
[White "Syed, Tareq"]
[Black "Smit, Josip"]
[Result "0-1"]
[WhiteElo "2124"]
[BlackElo "2054"]
[PlyCount "56"]
[EventDate "2008.05.21"]
[EventType "swiss"]
[EventRounds "7"]
[EventCountry "GER"]
[SourceTitle "CBM 124 Extra"]
[Source "ChessBase"]
[SourceDate "2008.07.03"]
[SourceVersion "1"]
[SourceVersionDate "2008.07.03"]
[SourceQuality "1"]

1. e4 d5 2. d3 e5 3. Nd2 Nc6 4. Ngf3 Nf6 5. c3 Be7 6. h3 h6 7. Qc2 Be6 8. b4 a6 9. a3 0-0 10. Be2 Re8 11. 0-0 Qd6 12. Re1 b5 13. Bb2 Nh5 14. exd5 Bxd5 15. Nxe5 Nf4 16. Nxc6 Bxc6 17. Bf3 Bxf3 18. Nxf3 Qg6 19. g3 Nxh3+ 20. Kf1 Qh5 21. Ng1 Bd6 22. Kg2 Qd5+ 23. f3 Nxg1 24. Rxg1 Re3 25. Rgf1 Rae8 26. Rf2 Qg5 27. g4 Qh4 28. Kg1 Qg3+ 0-1

[Event "Rhein Main op 11th"]
[Site "Bad Homburg"]
[Date "2008.05.22"]
[Round "3"]
[White "Smit, Josip"]
[Black "Schnitzspan, Lothar"]
[Result "1/2-1/2"]
[WhiteElo "2054"]
[BlackElo "2287"]
[PlyCount "65"]
[EventDate "2008.05.21"]
[EventType "swiss"]
[EventRounds "7"]
[EventCountry "GER"]
[SourceTitle "CBM 124 Extra"]
[Source "ChessBase"]
[SourceDate "2008.07.03"]
[SourceVersion "1"]
[SourceVersionDate "2008.07.03"]
[SourceQuality "1"]

1. e4 c5 2. Nf3 d6 3. d4 cxd4 4. Nxd4 Nf6 5. Nc3 Nc6 6. Bg5 e6 7. Bb5 Bd7 8. Bxc6 Bxc6 9. Nxc6 bxc6 10. e5 Qa5 11. Bxf6 gxf6 12. exd6 Qe5+ 13. Qe2 Bxd6 14. 0-0-0 Qxe2 15. Nxe2 0-0-0 16. Rd3 f5 17. g3 Bc5 18. Rf3 Rd7 19. Rd1 Rhd8 20. Rxd7 Rxd7 21. Nf4 Kc7 22. Nd3 Bd4 23. c3 Bg7 24. Kc2 Bh6 25. h3 Kd6 26. g4 f6 27. b4 fxg4 28. hxg4 Bg7 29. Nc5 Re7 30. Rd3+ Kc7 31. Re3 Kd6 32. Rd3+ Kc7 33. Re3 1/2-1/2

[Event "Karl Mala Memorial op 10th"]
[Site "Griesheim"]
[Date "2006.07.23"]
[Round "6"]
[White "Smit, Josip"]
[Black "Kessler, Paul"]
[Result "1/2-1/2"]
[WhiteElo "2044"]
[BlackElo "1826"]
[PlyCount "53"]
[EventDate "2006.07.20"]
[EventType "swiss"]
[EventRounds "7"]
[EventCountry "GER"]
[SourceTitle "CBM 113 Extra"]
[Source "ChessBase"]
[SourceDate "2006.09.14"]
[SourceVersion "1"]
[SourceVersionDate "2006.09.14"]
[SourceQuality "1"]

1. e4 c5 2. c3 d5 3. exd5 Qxd5 4. d4 Nc6 5. Nf3 Nf6 6. dxc5 Qxd1+ 7. Kxd1 e5 8. b4 Bg4 9. Nbd2 e4 10. h3 exf3 11. hxg4 Nxg4 12. Ke1 fxg2 13. Bxg2 0-0-0 14. Bh3 Re8+ 15. Kf1 f5 16. Nc4 g6 17. Bf4 Nf6 18. Bg2 Nh5 19. Bd6 Bg7 20. Rc1 Ne5 21. Bd5 Nf4 22. Bxe5 Bxe5 23. Bf7 Re7 24. Re1 Nd3 25. Re3 Rxf7 26. Rxd3 Bc7 27. Kg2 1/2-1/2

[Event "Karl Mala Memorial op 10th"]
[Site "Griesheim"]
[Date "2006.07.22"]
[Round "5"]
[White "Malek, Daniel"]
[Black "Smit, Josip"]
[Result "1-0"]
[WhiteElo "2299"]
[BlackElo "2044"]
[PlyCount "51"]
[EventDate "2006.07.20"]
[EventType "swiss"]
[EventRounds "7"]
[EventCountry "GER"]
[SourceTitle "CBM 113 Extra"]
[Source "ChessBase"]
[SourceDate "2006.09.14"]
[SourceVersion "1"]
[SourceVersionDate "2006.09.14"]
[SourceQuality "1"]

1. d4 Nf6 2. c4 g6 3. Nc3 Bg7 4. e4 d6 5. Nf3 0-0 6. Be2 e5 7. 0-0 Nc6 8. d5 Ne7 9. b4 a5 10. Ba3 Nd7 11. bxa5 Rxa5 12. Bb4 Ra8 13. a4 Bh6 14. a5 f5 15. Nd2 Kh8 16. Nb3 Ng8 17. c5 dxc5 18. Nxc5 Nxc5 19. Bxc5 Rf6 20. Qb3 Bd2 21. Rfd1 Bxc3 22. Qxc3 b6 23. axb6 Rxa1 24. Rxa1 cxb6 25. Bb4 Rf7 26. Ra8 1-0

[Event "Frankfurt-ch"]
[Site "Frankfurt"]
[Date "2005.05.30"]
[Round "5"]
[White "Smit, Josip"]
[Black "Diekmann, Hans Joachim"]
[Result "1/2-1/2"]
[WhiteElo "1906"]
[BlackElo "2110"]
[PlyCount "120"]
[EventDate "2005.04.25"]
[EventType "swiss"]
[EventRounds "7"]
[EventCountry "GER"]
[SourceTitle "EXT 2006"]
[Source "ChessBase"]
[SourceDate "2005.11.24"]
[SourceVersion "1"]
[SourceVersionDate "2005.11.24"]
[SourceQuality "1"]

1. e4 c5 2. c3 d5 3. exd5 Qxd5 4. d4 e5 5. dxe5 Qxe5+ 6. Be3 Nf6 7. Nf3 Qc7 8. Bg5 Be7 9. Be2 0-0 10. 0-0 Nc6 11. Qc2 Be6 12. Nbd2 Rad8 13. Bxf6 Bxf6 14. Ne4 Qe7 15. Rfe1 h6 16. Ng3 Qc7 17. b3 Bd5 18. Rac1 Rfe8 19. Qf5 Ne7 20. Qg4 Be6 21. Qa4 Nd5 22. Ne4 Be7 23. b4 a6 24. bxc5 Bxc5 25. Nxc5 Qxc5 26. c4 Nf4 27. Bf1 Bd7 28. Qb3 Bc6 29. g3 Rxe1 30. Rxe1 Ne6 31. Rd1 Rxd1 32. Qxd1 Qa3 33. Ne5 Qxa2 34. Qd6 Qa4 35. Qe7 Ng5 36. Nxc6 Qxc6 37. Qd8+ Kh7 38. Qd3+ Qe4 39. Qxe4+ Nxe4 40. Bd3 f5 41. f3 Nd2 42. Bxf5+ g6 43. Bc8 Nxc4 44. Bxb7 a5 45. Kf2 Kg7 46. Bd5 Nb6 47. Ba2 Kf6 48. Ke3 Ke5 49. f4+ Kd6 50. Kd4 Nd7 51. Bf7 Nf8 52. g4 Ne6+ 53. Ke3 g5 54. Bxe6 gxf4+ 55. Kxf4 Kxe6 56. Ke4 a4 57. Kd4 a3 58. Kc3 Ke5 59. h4 Kf4 60. g5 Kf5 1/2-1/2

[Event "Frankfurt-ch"]
[Site "Frankfurt"]
[Date "2005.05.23"]
[Round "4"]
[White "Bonilla Guzman, Jerson Andres"]
[Black "Smit, Josip"]
[Result "0-1"]
[WhiteElo "1067"]
[BlackElo "1906"]
[PlyCount "52"]
[EventDate "2005.04.25"]
[EventType "swiss"]
[EventRounds "7"]
[EventCountry "GER"]
[SourceTitle "EXT 2006"]
[Source "ChessBase"]
[SourceDate "2005.11.24"]
[SourceVersion "1"]
[SourceVersionDate "2005.11.24"]
[SourceQuality "1"]

1. d4 Nf6 2. Nf3 g6 3. Nc3 Bg7 4. e4 d6 5. Be2 0-0 6. 0-0 Nbd7 7. h3 e5 8. dxe5 dxe5 9. Bg5 h6 10. Be3 c6 11. Qd2 Kh7 12. Rad1 Qe7 13. Nh2 Qb4 14. Ng4 Nxg4 15. Bxg4 Nf6 16. Bxc8 Raxc8 17. a3 Qxb2 18. Bxa7 Qxa3 19. Ra1 Qe7 20. Qe3 Rfe8 21. Bc5 Qe6 22. Rfd1 Ra8 23. Rxa8 Rxa8 24. f4 exf4 25. Qxf4 Nh5 26. Qf3 Qc4 0-1

[Event "Karl Mala Memorial op 08th"]
[Site "Frankfurt"]
[Date "2004.07.25"]
[Round "6"]
[White "Milov, Leonid"]
[Black "Smit, Josip"]
[Result "1-0"]
[WhiteElo "2460"]
[BlackElo "1871"]
[PlyCount "57"]
[EventDate "2004.07.22"]
[EventType "swiss"]
[EventRounds "7"]
[EventCountry "GER"]
[SourceTitle "EXT 2005"]
[Source "ChessBase"]
[SourceDate "2004.11.15"]
[SourceVersion "1"]
[SourceVersionDate "2004.11.15"]
[SourceQuality "1"]

1. e4 c5 2. Nf3 Nc6 3. d4 cxd4 4. Nxd4 e6 5. Nc3 a6 6. Nxc6 bxc6 7. Bd3 d5 8. 0-0 Qc7 9. f4 Bc5+ 10. Kh1 Ne7 11. Qh5 h6 12. Bd2 Bd4 13. Rae1 Bb7 14. f5 exf5 15. exd5 0-0 16. Bf4 Qd8 17. d6 Ng6 18. Qxf5 c5 19. Bg3 Bc6 20. Nd5 Bxd5 21. Qxd5 Nh8 22. c3 Bf6 23. Qxc5 Rb8 24. b3 a5 25. c4 Bc3 26. Rd1 Bb4 27. Qf5 g6 28. Qd5 Kh7 29. c5 1-0

[Event "Karl Mala Memorial op 08th"]
[Site "Frankfurt"]
[Date "2004.07.24"]
[Round "5"]
[White "Smit, Josip"]
[Black "Schild, Christoph"]
[Result "1-0"]
[WhiteElo "1871"]
[BlackElo "2214"]
[PlyCount "55"]
[EventDate "2004.07.22"]
[EventType "swiss"]
[EventRounds "7"]
[EventCountry "GER"]
[SourceTitle "EXT 2005"]
[Source "ChessBase"]
[SourceDate "2004.11.15"]
[SourceVersion "1"]
[SourceVersionDate "2004.11.15"]
[SourceQuality "1"]

1. e4 e6 2. d4 d5 3. e5 c5 4. c3 Nc6 5. Nf3 Bd7 6. a3 f6 7. exf6 Nxf6 8. Bd3 Bd6 9. 0-0 0-0 10. b4 cxd4 11. cxd4 e5 12. dxe5 Nxe5 13. Be2 Kh8 14. Bb2 Ng6 15. Re1 Nf4 16. Bf1 Bg4 17. Nbd2 Ne4 18. Qb3 Nxg2 19. Bxg2 Nxd2 20. Nxd2 Bxh2+ 21. Kf1 Rxf2+ 22. Kxf2 Qh4+ 23. Kf1 Rf8+ 24. Nf3 Qg3 25. Be5 Bxf3 26. Bxg3 Bd1+ 27. Qf3 Bxf3 28. Bxh2 1-0

[Event "Karl Mala Memorial op 08th"]
[Site "Frankfurt"]
[Date "2004.07.23"]
[Round "3"]
[White "Guenzler, Richard"]
[Black "Smit, Josip"]
[Result "0-1"]
[WhiteElo "1631"]
[BlackElo "1871"]
[PlyCount "102"]
[EventDate "2004.07.22"]
[EventType "swiss"]
[EventRounds "7"]
[EventCountry "GER"]
[SourceTitle "EXT 2005"]
[Source "ChessBase"]
[SourceDate "2004.11.15"]
[SourceVersion "1"]
[SourceVersionDate "2004.11.15"]
[SourceQuality "1"]

1. c4 Nf6 2. g3 g6 3. Bg2 Bg7 4. Nc3 0-0 5. e4 d6 6. d3 e5 7. Nge2 c6 8. 0-0 Nbd7 9. h3 a6 10. a4 Ne8 11. Be3 a5 12. Qd2 Nc5 13. Rab1 Nb3 14. Qd1 Nd4 15. Qd2 Nc7 16. Bh6 Nb3 17. Qe3 Bxh6 18. Qxh6 Ne6 19. Qe3 Qg5 20. f4 exf4 21. Nxf4 Qc5 22. Qxc5 dxc5 23. Nxe6 Bxe6 24. Rbd1 Rad8 25. e5 Bf5 26. Rf3 h5 27. Re3 Rfe8 28. Ne4 Bxe4 29. Rxe4 Rd4 30. Ree1 Rd7 31. Re3 Nd4 32. Rde1 Rde7 33. Re4 Nc2 34. R1e2 Nb4 35. R4e3 Rd8 36. Rd2 f6 37. e6 Rd6 38. Bf3 Rexe6 39. Rxe6 Rxe6 40. Kf2 Rd6 41. Ke2 Kf7 42. Bg2 Ke6 43. Bf1 Na6 44. Kf2 Nc7 45. Re2+ Kf7 46. Re3 Re6 47. Rxe6 Kxe6 48. Ke3 Ke5 49. Be2 Ne6 50. g4 h4 51. Bf3 Nf4 0-1

[Event "Frankfurt-ch"]
[Site "Frankfurt"]
[Date "2004.05.03"]
[Round "2"]
[White "Smit, Josip"]
[Black "Diekmann, Hans Joachim"]
[Result "0-1"]
[WhiteElo "2103"]
[BlackElo "2207"]
[PlyCount "132"]
[EventDate "2004.05.02"]
[EventType "swiss"]
[EventRounds "7"]
[EventCountry "GER"]
[SourceTitle "EXT 2005"]
[Source "ChessBase"]
[SourceDate "2004.11.15"]
[SourceVersion "1"]
[SourceVersionDate "2004.11.15"]
[SourceQuality "1"]

1. e4 e5 2. d4 exd4 3. Qxd4 Nc6 4. Qe3 Nf6 5. Nc3 d6 6. Bd2 Be7 7. 0-0-0 a6 8. h4 b5 9. Nd5 0-0 10. Bc3 Ng4 11. Qg3 f5 12. Be2 Nf6 13. Nxf6+ Bxf6 14. exf5 Bxf5 15. Bf3 Qd7 16. Bd5+ Be6 17. Bxf6 Rxf6 18. Qb3 Re8 19. Nf3 Na5 20. Qd3 Bxd5 21. Qxd5+ Qe6 22. Qxe6+ Rfxe6 23. Rhe1 Nc4 24. b3 Nb6 25. Kd2 Nd5 26. Rxe6 Rxe6 27. Re1 Rxe1 28. Nxe1 Kf7 29. Nf3 c5 30. Ng5+ Ke7 31. a3 h6 32. Ne4 Ke6 33. f3 Ke5 34. g3 Nc7 35. Kd3 Ne6 36. c3 d5 37. Nd2 g5 38. hxg5 hxg5 39. Ke3 Kf5 40. Kd3 Ng7 41. Ke3 g4 42. Kf2 Nh5 43. Nf1 gxf3 44. g4+ Kxg4 45. Ne3+ Kf4 46. Nxd5+ Ke4 47. c4 Kd4 48. cxb5 Kxd5 49. bxa6 Kc6 50. Kxf3 Nf6 51. a7 Kb7 52. a8Q+ Kxa8 53. Ke3 Kb7 54. Kd3 Nd7 55. Ke4 Kc6 56. b4 c4 57. Kd4 Kb5 58. Kc3 Nb6 59. Kb2 Ka4 60. Ka2 c3 61. b5 Nc4 62. Kb1 Nxa3+ 63. Kc1 Kxb5 64. Kd1 Kc4 65. Kc1 Kb3 66. Kd1 Kb2 0-1